<?xml version="1.0" encoding="UTF-8"?>
<record
    xmlns:xsi="http://www.w3.org/2001/XMLSchema-instance"
    xsi:schemaLocation="http://www.loc.gov/MARC21/slim http://www.loc.gov/standards/marcxml/schema/MARC21slim.xsd"
    xmlns="http://www.loc.gov/MARC21/slim">

  <leader>004950000a22001690004500</leader>
  <controlfield tag="001">2798</controlfield>
  <datafield tag="090" ind1=" " ind2=" ">
    <subfield code="a">2798</subfield>
  </datafield>
  <datafield tag="100" ind1=" " ind2=" ">
    <subfield code="a">19931124d19651948m||y0pory5003    ba</subfield>
  </datafield>
  <datafield tag="102" ind1=" " ind2=" ">
    <subfield code="a">US</subfield>
  </datafield>
  <datafield tag="200" ind1=" " ind2=" ">
    <subfield code="a">A collection of articles on dynamic Meteorology</subfield>
    <subfield code="f">edited by I. Kibel</subfield>
  </datafield>
  <datafield tag="210" ind1=" " ind2=" ">
    <subfield code="a">New York</subfield>
    <subfield code="c">American Geophysical Union</subfield>
    <subfield code="d">1965</subfield>
  </datafield>
  <datafield tag="300" ind1=" " ind2=" ">
    <subfield code="a">v.1 Tradu&#xE7;&#xE3;o inglesa de Soviet Research in Geophysics</subfield>
  </datafield>
  <datafield tag="317" ind1=" " ind2=" ">
    <subfield code="a">Origem: IM</subfield>
  </datafield>
  <datafield tag="606" ind1=" " ind2=" ">
    <subfield code="a">METEOROLOGIA GERAL</subfield>
    <subfield code="z">IM</subfield>
  </datafield>
  <datafield tag="675" ind1=" " ind2=" ">
    <subfield code="a">551.5</subfield>
    <subfield code="v">med</subfield>
    <subfield code="z">fre</subfield>
  </datafield>
  <datafield tag="700" ind1=" " ind2="1">
    <subfield code="a">Kibel</subfield>
    <subfield code="b">I.</subfield>
  </datafield>
  <datafield tag="700" ind1=" " ind2=" ">
    <subfield code="4">340</subfield>
  </datafield>
  <datafield tag="995" ind1=" " ind2=" ">
    <subfield code="5">2019-04-16</subfield>
    <subfield code="6">5355</subfield>
    <subfield code="a">IPMA_SE</subfield>
    <subfield code="c">IPMA_SE</subfield>
    <subfield code="h">Vol 1</subfield>
    <subfield code="k">Estante 3, Prat 23</subfield>
    <subfield code="n">2019-04-16</subfield>
    <subfield code="o">0</subfield>
    <subfield code="r">MON</subfield>
  </datafield>
  <datafield tag="995" ind1=" " ind2=" ">
    <subfield code="5">2026-04-14</subfield>
    <subfield code="6">4926</subfield>
    <subfield code="a">IPMA_SE</subfield>
    <subfield code="c">IPMA_SE</subfield>
    <subfield code="h">Vol 1</subfield>
    <subfield code="k">Estante 3, Prat 23</subfield>
    <subfield code="n">2026-04-14</subfield>
    <subfield code="o">0</subfield>
    <subfield code="r">MON</subfield>
  </datafield>
</record>
